[Event "Morava Region-chTA"]
[Site "Czech Republic"]
[Date "2024.11.17"]
[Round "3.6"]
[White "Striz, Tadeas"]
[Black "Vojvodik, Robert"]
[Result "0-1"]
[WhiteElo "1767"]
[BlackElo "1845"]
[PlyCount "170"]
[EventDate "2024.10.13"]
[EventType "team-tourn"]
[EventRounds "11"]
[EventCountry "CZE"]
[SourceTitle "CB16_2025"]
[SourceDate "2025.04.16"]
[SourceVersion "1"]
[SourceVersionDate "2025.04.16"]
[SourceQuality "1"]
[WhiteTeam "Krnov II"]
[BlackTeam "Opava Orel"]
[WhiteTeamCountry "CZE"]
[BlackTeamCountry "CZE"]

1. e4 e5 2. Nf3 Nc6 3. Bb5 a6 4. Ba4 Nf6 5. d3 d6 6. c3 Be7 7. 0-0 0-0 8. h3 h6 9. Nbd2 Nh7 10. Re1 Ng5 11. Kh2 f5 12. Bb3+ Kh7 13. exf5 Bxf5 14. Qe2 Qd7 15. g4 Nxf3+ 16. Nxf3 Bg6 17. Rg1 d5 18. Bc2 Bd6 19. Kg2 Rae8 20. Nh4 Qf7 21. Bd2 d4 22. Bb3 Qf6 23. Nxg6 Qxg6 24. Rae1 Re7 25. Bd5 Qf6 26. Kf1 e4 27. Bxe4+ Kh8 28. g5 Qe6 29. Qh5 Qf7 30. Qe2 Ne5 31. Rg2 Nf3 32. Qxf3 Qxf3 33. Bxf3 Rxf3 34. Rxe7 Bxe7 35. gxh6 Bf6 36. hxg7+ Bxg7 37. Rg3 Rf5 38. c4 Bf6 39. Kg2 Bh4 40. Rf3 Re5 41. Bb4 c5 42. Ba5 Re6 43. Kf1 b6 44. Bd2 Kg7 45. Rf4 Bd8 46. Re4 Rc6 47. Kg2 Kg6 48. Kg3 Kf5 49. Rf4+ Kg6 50. Kg4 Bg5 51. Rxd4 Bxd2 52. Rd5 Rf6 53. f3 Re6 54. h4 Rf6 55. Rd8 Rf4+ 56. Kg3 Rf6 57. Re8 Rd6 58. Kg4 Rd4+ 59. Re4 Rd6 60. f4 Kf7 61. h5 Bc1 62. b3 Bb2 63. Re3 Bf6 64. Rf3 Bg7 65. Re3 Bh6 66. a3 Rd4 67. Rf3 Kf6 68. b4 Rd7 69. Re3 Rd4 70. Re4 Rxd3 71. bxc5 bxc5 72. Re5 Rd4 73. Rxc5 Rxf4+ 74. Kg3 Re4 75. Rc6+ Re6 76. Rc5 Bf8 77. Rd5 Bxa3 78. Kg4 Re4+ 79. Kf3 Re5 80. Rd3 Rxh5 81. Ke4 Bb4 82. Rf3+ Ke6 83. Rf4 a5 84. Rf1 a4 85. Rb1 Bc5 0-1

[Event "Morava-ch U16"]
[Site "Bystrice nad Pernstejnem"]
[Date "2024.10.29"]
[Round "5"]
[White "Striz, Tadeas"]
[Black "Pistek, Zdenek"]
[Result "1-0"]
[WhiteElo "1689"]
[BlackElo "1514"]
[PlyCount "59"]
[EventDate "2024.10.26"]
[EventType "swiss"]
[EventRounds "9"]
[EventCountry "CZE"]
[SourceTitle "CB45_2024"]
[Source "ChessBase"]
[SourceDate "2024.11.06"]
[SourceVersion "1"]
[SourceVersionDate "2024.11.06"]
[SourceQuality "1"]

1. e4 c5 2. Nc3 Nc6 3. g3 g6 4. Bg2 Bg7 5. Nge2 Nf6 6. 0-0 d6 7. h3 Bd7 8. d3 0-0 9. Be3 a6 10. f4 b5 11. Qd2 b4 12. Nd1 Qb6 13. c3 bxc3 14. bxc3 Rfb8 15. g4 Qa5 16. f5 Rb6 17. Bh6 Rab8 18. Bxg7 Kxg7 19. g5 Ng8 20. fxg6 hxg6 21. Qf4 Be8 22. Ne3 R6b7 23. h4 e5 24. Qf3 Qc7 25. Nd5 Qd8 26. Ng3 Nce7 27. Nf6 Kf8 28. h5 Nxf6 29. Qxf6 gxh5 30. Qh6+ 1-0

[Event "Morava-ch U16"]
[Site "Bystrice nad Pernstejnem"]
[Date "2024.10.26"]
[Round "1"]
[White "Striz, Tadeas"]
[Black "Setina, Vaclav"]
[Result "1/2-1/2"]
[WhiteElo "1689"]
[BlackElo "2102"]
[PlyCount "55"]
[EventDate "2024.10.26"]
[EventType "swiss"]
[EventRounds "9"]
[EventCountry "CZE"]
[SourceTitle "CB45_2024"]
[Source "ChessBase"]
[SourceDate "2024.11.06"]
[SourceVersion "1"]
[SourceVersionDate "2024.11.06"]
[SourceQuality "1"]

1. e4 c5 2. Nf3 Nc6 3. d4 cxd4 4. Nxd4 g6 5. Be3 Bg7 6. Nc3 Nf6 7. Bc4 0-0 8. Bb3 d6 9. f3 Nxd4 10. Bxd4 Be6 11. Bxe6 fxe6 12. Qd2 Qa5 13. 0-0-0 b5 14. Kb1 b4 15. Ne2 Rfc8 16. g4 e5 17. Be3 Rc6 18. Nc1 Rac8 19. Nb3 Qb5 20. Na1 e6 21. h4 Qa4 22. Qd3 Ra6 23. Qb3 Qxb3 24. cxb3 Rac6 25. Rc1 a6 26. Bb6 Bf8 27. g5 Nd7 28. Rxc6 1/2-1/2

[Event "Bohumin op-B 7th"]
[Site "Bohumin"]
[Date "2024.07.02"]
[Round "5"]
[White "Repak, Jan"]
[Black "Striz, Tadeas"]
[Result "1-0"]
[WhiteElo "1830"]
[BlackElo "1612"]
[PlyCount "123"]
[EventDate "2024.06.29"]
[EventType "swiss"]
[EventRounds "9"]
[EventCountry "CZE"]
[SourceTitle "CBM 221 Extra"]
[Source "ChessBase"]
[SourceDate "2024.09.30"]
[SourceVersion "1"]
[SourceVersionDate "2024.09.30"]
[SourceQuality "1"]

1. Nf3 Nf6 2. g3 d5 3. c4 e6 4. Bg2 Be7 5. 0-0 0-0 6. d4 Nbd7 7. b3 b6 8. Bb2 Bb7 9. Nc3 c5 10. cxd5 Nxd5 11. Nxd5 Bxd5 12. Qd3 cxd4 13. Bxd4 Nc5 14. Qd2 Rc8 15. Rad1 a5 16. b4 Ne4 17. Qb2 Bf6 18. Ne5 Qe7 19. Bxe4 Bxe4 20. Nd7 Bxd4 21. Rxd4 Rfd8 22. Rfd1 axb4 23. Nxb6 Rb8 24. Nd7 Rbc8 25. Qxb4 Rxd7 26. Qxe7 Rxe7 27. Rxe4 Ra7 28. Red4 g6 29. Rd8+ Rxd8 30. Rxd8+ Kg7 31. Rd2 Kf6 32. Kf1 Rc7 33. e3 Ke5 34. Ke2 Rc3 35. Kd1 h5 36. Rc2 Ra3 37. Kc1 Ra8 38. Kb1 Kd5 39. Rc3 Ra4 40. h4 f6 41. Kb2 g5 42. Kb3 Ra8 43. a4 Rb8+ 44. Ka3 g4 45. a5 Kd6 46. Rc2 Rb7 47. Ka4 Rb1 48. a6 Ra1+ 49. Kb5 Rb1+ 50. Ka5 Ra1+ 51. Kb6 Rb1+ 52. Ka7 Kd7 53. f3 gxf3 54. Rf2 f5 55. Rxf3 Rb5 56. Rf4 Ke7 57. e4 Kd7 58. exf5 exf5 59. Rd4+ Kc7 60. Rc4+ Kd7 61. Rc3 Rb4 62. Rc5 1-0